000 00584nam a2200229Ia 4500
003 OSt
005 20230519113039.0
008 210423s2014 xx 000 0 und d
020 _a978-81-322-3109-7
040 _cAL
041 _aeng
082 _a511.8
_223
_bHEIM
100 _aHEINZ (Stefan)
_9109557
245 _aMathematical modeling
260 _aNew York
_bSpringer Verlag
_c2014
300 _axvi,460
_bPB
365 _b1195
_cINR
650 _aMathematical Models
_9109558
650 _aMathematics
_9109559
906 _aMathematical ; modeling
942 _2ddc
_cBK
999 _c166851
_d166851